Corpus de la antigua lirica popular hispanica /
Guardado en:
| Autor Principal: | |
|---|---|
| Formato: | Libro |
| Publicado: |
Madrid :
Castalia,
1990
|
| Materias: | |
| Etiquetas: |
Agregar Etiqueta
Sin Etiquetas, Sea el primero en etiquetar este registro!
|
| LEADER | 00526nam a22001695a 4500 | ||
|---|---|---|---|
| 001 | EHU.bham024154 | ||
| 003 | AR-BHAM | ||
| 005 | 20130507135409.0 | ||
| 008 | 130507s1990##################000#0#####d | ||
| 082 | 8 | 6 | |a 861.04 |
| 100 | 1 | |a Frenk, Margit | |
| 245 | 1 | 0 | |a Corpus de la antigua lirica popular hispanica / |c Margit Frenk |
| 260 | |a Madrid : |b Castalia, |c 1990 | ||
| 300 | |a 1249 p. | ||
| 500 | |a Colab.: John A. Bickford Y K. Kruger-hickman | ||
| 653 | |a Lirica hispanica | ||
| 859 | |a AR-BHAM |b BIB. HUMANIDADES - General |h 861.04 |i F889 |p 420.93 |t Ej.1 | ||
